| 000 | 00524nam a2200193Ia 4500 | ||
|---|---|---|---|
| 008 | 220216s9999 xx 000 0 und d | ||
| 100 | _aCanaud C | ||
| 245 | 0 | _aEPDM formulations for electric wires and cables | |
| 260 |
_bKautschuk Gummi Kunststoffe _c2001 |
||
| 300 | _a56-60 | ||
| 650 | _aAluminium hydroxide | ||
| 650 | _aElectrical properties | ||
| 650 | _aEPDM compositions | ||
| 650 | _aMechanical properties | ||
| 700 | _aAntonio Sens M | ||
| 700 | _aReis R C | ||
| 700 | _aYuan Visconte L L | ||
| 942 | _cJS | ||
| 999 |
_c58700 _d58700 |
||